Catálogo
 En Linea

Los cooperativistas y su fundador al querido jefe. (Registro nro. 32706)

Detalles MARC
000 -CABECERA
campo de control de longitud fija 00253nam a2200097 a 4500
005 - FECHA Y HORA DE LA ÚLTIMA TRANSACCIÓN
campo de control 20200930070113.0
008 - DATOS DE LONGITUD FIJA--INFORMACIÓN GENERAL
campo de control de longitud fija 110822s2004 000 spa d
040 ## - FUENTE DE LA CATALOGACIÓN
Centro catalogador/agencia de origen DO-SdBNP
245 #4 - MENCIÓN DE TÍTULO
Título Los cooperativistas y su fundador al querido jefe.
260 ## - PUBLICACIÓN, DISTRIBUCIÓN, ETC.
Fecha de publicación, distribución, etc. [s.f.].

No hay ítems disponibles.

Con tecnología Koha